[Event "Dortmund op-B"]
[Site "Dortmund"]
[Date "2003.08.08"]
[Round "7"]
[White "Heesemann, Andreas"]
[Black "Maciejok, Joshua"]
[Result "1/2-1/2"]
[WhiteElo "1430"]
[BlackElo "1223"]
[PlyCount "48"]
[EventDate "2003.08.01"]
[EventType "swiss"]
[EventRounds "9"]
[EventCountry "GER"]
[SourceTitle "CBM 095 Extra"]
[Source "ChessBase"]
[SourceDate "2003.09.04"]
[SourceVersion "1"]
[SourceVersionDate "2003.09.04"]
[SourceQuality "1"]

1. e4 e5 2. Nf3 Nc6 3. Bc4 d6 4. d3 h6 5. Be3 Nf6 6. h3 Bd7 7. 0-0 Be6 8. Nbd2 Bxc4 9. Nxc4 Be7 10. b3 a6 11. Nh2 b5 12. Nb2 0-0 13. Ng4 Nd4 14. c3 Ne6 15. f4 Nxg4 16. Qxg4 exf4 17. Bxf4 Nxf4 18. Rxf4 Bg5 19. Rf3 Bf6 20. d4 b4 21. Raf1 bxc3 22. Rxf6 cxb2 23. R6f2 Rb8 24. Rxb2 Rb4 1/2-1/2